000 00349nam a2200133 i 4500
001 bg
100 1 _aKILLEN, Harold B.
245 0 _aTransmisja cyfrowa w systemach światłowodowych i satelitarnych /
_cHarold B. Killen.
260 _aWarszawa,
_c1992.
040 _cBPK
041 _apol
942 _cKS
008 s pl f |000 0 pol
999 _c5533
_d5533
856 _uhttp://koha.tu.koszalin.pl/cgi-bin/koha/opac-detail.pl?biblionumber=5533
_yKatalog online BPK